00000000nam 2200000zi 4500
0019.922261
003CaOODSP
00520241108082654
006m     o  d f      
007cr mn|||||||||
008230504e202305  onc     ob   f000 0 fre d
040 |aCaOODSP|bfre|erda|cCaOODSP
043 |anwht---|an-cn---
0861 |aXC11-1/1-441-15F-PDF
1101 |aCanada. |bParlement. |bChambre des communes. |bComité permanent des affaires étrangères et du développement international, |eauteur, |eorganisme de publication.
24513|aLa situation des droits de la personne en Haïti : |brapport du Comité permanent des affaires étrangères et du développement international / |cle président, Ali Ehsassi ; Sous-comité des droits internationaux de la personne, le président, Sameer Zuberi.
2463 |aSituation des droits de la personne en Haïti
264 1|a[Ottawa] : |bChambre des communes, Canada = House of Commons, Canada, |cmai 2023.
300 |a1 ressource en ligne (ix, 33 pages).
336 |atexte|btxt|2rdacontent/fre
337 |ainformatique|bc|2rdamedia/fre
338 |aressource en ligne|bcr|2rdacarrier/fre
4901 |aRapport du Comité permanent des affaires étrangères et du développement international ; |v15e rapport, 44e législature, 1re session
500 |aPublié aussi en anglais sous le titre : The human rights situation in Haiti: report of the Standing Committee on Foreign Affairs and International Development.
500 |a« 44e législature, 1re session. »
500 |a« Quinzième rapport » -- Page vii.
504 |aComprend des références bibliographiques.
650 6|aDroits de l'homme|zHaïti.
650 6|aDroits de l'homme (Droit international)|zHaïti.
650 6|aÉtats défaillants|zHaïti.
650 6|aAide humanitaire canadienne|zHaïti.
651 6|aHaïti|xPolitique et gouvernement|y1957-
651 6|aCanada|xRelations extérieures|zHaïti.
651 6|aHaïti|xRelations extérieures|zCanada.
7001 |aEhsassi, Ali.
7001 |aZuberi, Sameer.
77508|tThe human rights situation in Haiti : |w(CaOODSP)9.922259
830#0|aRapport du Comité permanent des affaires étrangères et du développement international ;|v15e rapport, 44e législature, 1re session.|w(CaOODSP)9.503478
85640|qPDF|s2.90 Mo|uhttps://publications.gc.ca/collections/collection_2023/parl/xc11-1/XC11-1-1-441-15-fra.pdf
8564 |qHTML|sS.O.|uhttps://www.noscommunes.ca/DocumentViewer/fr/44-1/FAAE/rapport-15